000 00632nam a22001937a 4500
005 20170331162852.0
010 _aENG-117683
020 _a9788184845730
_c600.00
035 _aEN-101215
037 _bDABD/PUB
082 _a336.54
100 _aPandey, Digvijai Nath
245 _aPublic accounts committee in India :
_cby Digvijai Nath Pandey
_bissues and challenges /
260 _aNew Delhi
_bRegal Publication
_c2016
270 _aF-159, Rajouri Garden,
_bNew Delhi
_e110027
300 _aix,134p
_c22cm(Hb)
500 _aIncludes bibliographical references and index
942 _2ddc
_cEN
_h336.54
_mPAN
999 _c138616
_d138616